Quick Pick: Johnny Depp Movies Quiz Stats

 Plays Quiz Updated Sep 29, 2017

Challenge
Share
Tweet
Embed
Score 0/15 Timer 01:00
10 Plays Today
% Correct
Factory
96.8%
Wonderland
96.5%
Vegas
96.3%
Scissorhands
96.1%
Ranger
95.6%
Hollow
95.2%
Cried
94.9%
Woods
93.9%
% Correct
Tides
93.9%
Brasco
92.7%
Grape
92.2%
Street
90.9%
Neverland
89.4%
Diary
85%
Mexico
80.7%

Today's Daily Dose

Word Ladder
Bruno Mars Song

Get the Picture
Japanese Cars

You're not logged in!

Compare scores with friends on all Sporcle quizzes.
OR
Log In

You Might Also Like...

Show Comments

Extras

Top Quizzes Today


Score Distribution

Your Account Isn't Verified!

In order to create a playlist on Sporcle, you need to verify the email address you used during registration. Go to your Sporcle Settings to finish the process.

Report this User

Report this user for behavior that violates our Community Guidelines.

Details: